|
|
|
|
| LEADER |
00941nam a2200265 4500 |
| 001 |
DLU210196372 |
| 005 |
##20210518 |
| 040 |
# |
# |
|a DLU
|b vie
|
| 041 |
# |
# |
|a vie
|
| 044 |
# |
# |
|a vn
|
| 100 |
# |
# |
|a Mai Thị Thắm.
|
| 245 |
# |
# |
|a Xu hướng biến đổi giai cấp công nhân Việt Nam trong bối cảnh cuộc Cách mạng công nghiệp 4.0 /
|c Mai Thị Thắm.
|
| 653 |
# |
# |
|a Cách mạng công nghiệp 4.0
|
| 653 |
# |
# |
|a Giai cấp công nhân
|
| 653 |
# |
# |
|a Hoạch định chính sách
|
| 653 |
# |
# |
|a Nguồn nhân lực
|
| 773 |
# |
# |
|t Tạp chí Khoa học xã hội Việt Nam
|g Số 12, 2019, tr. 152-158
|
| 920 |
# |
# |
|a Phòng Tạp chí -- Trung tâm Thông tin - Thư viện Trường Đại học Đà Lạt
|
| 900 |
# |
# |
|a True
|
| 911 |
# |
# |
|a Hoàng Thị Huyền
|
| 925 |
# |
# |
|a G
|
| 926 |
# |
# |
|a A
|
| 927 |
# |
# |
|a BB
|
| 980 |
# |
# |
|a Thư viện Trường Đại học Đà Lạt
|